000 00732nam a2200181 i 4500
001 85307
003 ES-MaACL
005 20230906175223.0
007 t|
008 041126s1954 sp ||||1| spa d
100 1 _aJordan de Urries y Azara, Jaime.
_966920
245 1 0 _aMapa forestal de la provincial de Lérida
_b: memoria adjunta al mapa forestal de la provincial de Lérida /
_cJaime Jordán de Urries y Azara.
260 _aMadrid :
_bMinisterio de Agricultura, Instituto Forestal de Investigaciones y Experiencias,
_c1954 (
_fTip. Artística)
300 _a2 v. ;
_c26 cm.
500 _aEl v. 1º de mapas.
710 2 _aInstituto Forestal de Investigaciones y Experiencias.
_95059
852 _aES-MaACL
_jC-8606-07
_bR.36306
999 _c85307
_d85307